La muerte violenta : (Registro nro. 30124)

Detalles MARC
000 -LEADER
fixed length control field 02858nam a2200289Ia 4500
003 - CONTROL NUMBER IDENTIFIER
control field CO-CtgCURN
005 - DATE AND TIME OF LATEST TRANSACTION
control field 20251111182647.0
008 - FIXED-LENGTH DATA ELEMENTS--GENERAL INFORMATION
fixed length control field 190725s2004 xx 000 0 und d
020 ## - INTERNATIONAL STANDARD BOOK NUMBER
International Standard Book Number 9587015754
040 ## - CATALOGING SOURCE
Original cataloging agency CO-CtgCURN
Language of cataloging spa
Transcribing agency coctgcurn
082 ## - DEWEY DECIMAL CLASSIFICATION NUMBER
Classification number 614.1
Item number R138m
100 ## - MAIN ENTRY--PERSONAL NAME
Personal name Raffo, Osvaldo
Relator term autor
9 (RLIN) 8661
245 #0 - TITLE STATEMENT
Title La muerte violenta :
Remainder of title lugar del hecho, examen del cadáver, autopsia médico legal, homicidios, suicidios, accidentes, huellas e indicios, aspectos jurídicos /
Statement of responsibility, etc. Osvaldo Raffo; prólogo., Emilio F. P. Bonnet
250 ## - EDITION STATEMENT
Edition statement 6 reimpresión
260 ## - PUBLICATION, DISTRIBUTION, ETC.
Place of publication, distribution, etc. Buenos Aires, Argentina :
Name of publisher, distributor, etc. Editorial Universidad,
Date of publication, distribution, etc. 2004
300 ## - PHYSICAL DESCRIPTION
Extent 260 páginas :
Other physical details imágenes ;
Dimensions 23 centímetros
500 ## - GENERAL NOTE
General note Incluye prólogo e índice
504 ## - BIBLIOGRAPHY, ETC. NOTE
Bibliography, etc. note Incluye referencias bibliográficas (p. [259]-260)
505 ## - FORMATTED CONTENTS NOTE
Formatted contents note Pte. I. Tanatología forense. lesiologia medico-legal -- 1. Tanatología forense -- Introducción -- fenomenos cadavericos recientes -- La putrefacción: descripción y etapas -- Puntos a tener en cuenta en caso de putrefacción -- Lesiones vitales y post mortem -- 2. Lesiologia medico-legal -- Lesiones por cuerpos contundentes. Mecanismo -- Lesiones por quemaduras -- Lesiones por armas blancas -- Lesiones por armas de fuego cortas -- Pte. II. Examen del lugar del hecho. las asfixias mecánicas -- 1. Examen del lugar del hecho -- Concepto e importancia -- Plan operativo -- Principios básico -- Objetivos -- Condiciones del personal interviniente -- Normas generales de procedimiento -- Búsqueda del cuerpo -- Examen del cadáver -- Protección y transporte del cadáver -- Examen del área circundante -- La fijación del escenario criminal --2. Las asfixias mecánicas -- Preliminares -- Fisiopatología de la ahorcadura y la estrangulación -- Muerte por ahorcadura -- Muerte por estrangulación -- Muerte por sumersión -- Pte. III. Lugar del hecho. Asfixias. Quemaduras. Muerte por arma de fuego. Lesiones por arma blanca. Contusiones -- 1. Lugar del hecho y asfixias -- Clasificación -- La ahorcadura -- La estrangulación -- La sumersión -- 2. Lugar del hecho y quemaduras -- 3. Lugar del hecho y muerte por armas de fuego -- 4. Lugar del hecho y lesiones por armas blancas -- 5. Lugar del hecho y contusiones -- Pte. IV. Manchas de sangre y de semen. huellas de manos, de dientes y de pies -- 1. Manchas de sangre -- 2. Manchas de semen -- 3. Huellas de manos --4. Huellas de dientes -- 5. Huellas de pies desnudos y de pies calzados -- 6. Huellas de pies desnudos -- huellas de pies calzados.
521 ## - TARGET AUDIENCE NOTE
Target audience note AREA PROFESIONAL
590 ## - LOCAL NOTE (RLIN)
Local note Programa de Derecho_18
650 ## - SUBJECT ADDED ENTRY--TOPICAL TERM
Topical term or geographic name entry element Medicina forense
9 (RLIN) 8662
650 ## - SUBJECT ADDED ENTRY--TOPICAL TERM
Topical term or geographic name entry element Medicina legal
9 (RLIN) 8663
700 ## - ADDED ENTRY--PERSONAL NAME
Personal name Bonnet P., Emilio F.
Relator term prólogo
9 (RLIN) 8664
942 ## - ADDED ENTRY ELEMENTS (KOHA)
Koha item type Libros
Classification part 614.1
Item part R138m
Source of classification or shelving scheme Dewey Decimal Classification
Existencias
Withdrawn status Lost status Damaged status Not for loan Collection Home library Current library Shelving location Date acquired Inventory number Total checkouts Full call number Barcode Date last seen Copy number Price effective from Koha item type
          Miguel Henríquez Castañeda Barranquilla Miguel Henríquez Castañeda Barranquilla General 05/23/2018 02845   614.1 R138m 02845 07/25/2019 ej.1 07/25/2019 Libros